Artists with at least 1 song over 1B streams on Spotify - Statistics

General Stats
  • This quiz has been taken 69 times
    50 since last reset
  • The average score is 161 of 391
Answer Stats
Hint Answer % Correct
Billie Eilish bellyache, Bored, idontwannabeyouanymore, ocean eyes, everything i wanted, Happier Than Ever, BIRDS OF A FEATHER, lovely, What Was I Made For?, bad guy, when the party's over, bury a friend
90%
Bruno Mars 24K Magic, That's What I Like, Grenade, Just the Way You Are, The Lazy Song, Marry You, Talking to the Moon, Leave The Door Open, Locked out of Heaven, Treasure, When I Was Your Man
90%
Eminem Lose Yourself, Without Me, Till I Collapse, Mockingbird, Stan, The Real Slim Shady, The Monster, Rap God, Godzilla, Not Afraid, Love The Way You Lie
90%
a-ha Take on Me
88%
Ariana Grande Dangerous Woman, Into You, Side To Side, One Last Time, 34+35, positions, Santa Tell Me, Stuck with U, God is a woman, no tears left to cry, 7 rings, "thank u, next", "break up with your girlfriend, i'm bored"
88%
Avicii Without You, The Nights, Levels - Radio Edit, Waiting For Love, Wake Me Up, Hey Brother
88%
Coldplay A Sky Full of Stars, Hymn for the Weekend, Adventure of a Lifetime, Paradise, My Universe, Sparks, Yellow, The Scientist, Viva La Vida, Fix You
88%
Drake Jimmy Cooks, Passionfruit, Hold On, We're Going Home, Nonstop, God's Plan, Nice For What, Toosie Slide, One Dance, Too Good, Hotline Bling
88%
Ed Sheeran The A Team, Shivers, Bad Habits, Beautiful People, Castle on the Hill, Shape of You, Perfect, Galway Girl, Happier, I Don't Care, Photograph, Thinking out Loud
88%
Adele Make You Feel My Love, Rolling in the Deep, Set Fire to the Rain, Someone Like You, Hello, Send My Love, When We Were Young, Easy On Me
85%
Beyoncé Crazy In Love, Halo
85%
50 Cent In Da Club, Candy Shop
83%
AC/DC Back In Black, You Shook Me All Night Long, Highway To Hell, Thunderstruck
83%
Rihanna Work, Needed Me, Love On The Brain, FourFiveSeconds, Umbrella, Don't Stop The Music, S&M, Only Girl, We Found Love, Diamonds, Stay
83%
ABBA Dancing Queen
80%
Cardi B I Like It, WAP
80%
Elton John Rocket Man, Cold Heart, I'm Still Standing
80%
Harry Styles Watermelon Sugar, Adore You, Falling, Late Night Talking, As It Was, Sign of the Times
80%
The Beatles Here Comes The Sun
80%
Bad Bunny Callaita, LA NOCHE DE ANOCHE, DAKITI, Moscow Mule, Me Porto Bonito, Titi Me Pregunto, Efecto, Ojitos Lindos, Vete, MIA, Yonaguni
78%
Kanye West Heartless, Stronger, Flashing Lights, Gold Digger, Father Stretch My Hands Pt.1, Bound 2
78%
Mariah Carey All I Want for Christmas Is You
78%
Maroon 5 Moves Like Jagger, Memories, Payphone, What Lovers Do, Girls Like You, She Will Be Loved, This Love, Maps, Animals, Sugar
78%
Michael Jackson Beat It, Billie Jean
78%
Post Malone rockstar, Psycho, Better Now, Candy Paint, Circles, Goodbyes, Wow., Sunflower, I Fall Apart, Go Flex, Congratulations
78%
Taylor Swift Wildest Dreams, Blank Space, Style, Shake It Off, cardigan, august, Cruel Summer, Lover, Anti-Hero, Don't Blame Me, Delicate, Look What You Made Me Do
78%
Imagine Dragons Whatever It Takes, Believer, Thunder, Enemy, Bones, Radioactive, Demons, On Top Of The World, Natural, Bad Liar
76%
Justin Bieber Intentions, Ghost, Peaches, Baby, What Do You Mean?, Sorry, Love Yourself
76%
Kendrick Lamar All The Stars, DNA., HUMBLE., LOVE., Money Trees
76%
Nicki Minaj Starships
76%
Shakira Chantaje, Hips Don't Lie
76%
The Weeknd Heartless, Blinding Lights, Save Your Tears, After Hours, Often, The Hills, Can't Feel My Face, Earned It, One Of The Girls, Call Out My Name, I Was Never There, Save Your Tears (Remix), Starboy, Reminder, Stargirl Interlude, Die For You, I Feel It Coming, Die For You - Remix
76%
BTS Dynamite, Butter, Boy With Luv
73%
Camilla Cabello Havana
73%
Lady Gaga Rain On Me, Just Dance, Poker Face, Bad Romance, Shallow, Always Remember Us This Way
73%
Lil Nas X Old Town Road - Remix, Old Town Road, INDUSTRY BABY, MONTERO, THATS WHAT I WANT
73%
Miley Cyrus We Can't Stop, Flowers, Angels Like You, Party In The U.S.A
73%
Queen Another One Bites The Dust, Under Pressure, Don't Stop Me Now, We Will Rock You, Bohemian Rhapsody
73%
Sam Smith Dancing With A Stranger, Stay With Me, I'm Not The Only One, Too Good At Goodbyes, Unholy
73%
Shawn Mendes Stitches, Treat You Better, There's Nothing Holdin' Me Back, Mercy, Señorita, If I Can't Have You
73%
The Chainsmokers Closer, Don't Let Me Down, Something Just Like This, Paris, Roses
73%
Black Eyed Peas Where Is The Love?, I Gotta Feeling
71%
Britney Spears Toxic
71%
David Guetta I'm Good, Titanium, Memories
71%
Dr. Dre Still D.R.E, The Next Episode
71%
Dua Lipa IDGAF, New Rules, Don't Start Now, Physical, Break My Heart, Levitating
71%
JAY-Z Empire State Of Mind, Numb / Encore, Ni**as In Paris
71%
Macklemore & Ryan Lewis Can't Hold Us, Thrift Shop
71%
Nirvana Smells Like Teen Spirit, Come As You Are
71%
Sia Chandelier, Unstoppable, Cheap Thrills
71%
Alan Walker Faded
68%
Bon Jovi You Give Love A Bad Name, Livin' On A Prayer
68%
Charlie Puth We Don't Talk Anymore, Attention
68%
Coolio Gangsta's Paradise
68%
George Michael Careless Whisper
68%
Hozier Take Me To Church, Too Sweet
68%
Kesha TiK ToK
68%
Lewis Capaldi Bruises, Someone You Loved, Before You Go
68%
One Direction Night Changer, Drag me Down, Story of My Life, What Makes You Beautiful
68%
XXXTENTACION Moonlight, SAD!, changes, Hope, Jocelyn Flores, Everybody Dies In Their Nightmares, Revenge, Fuck Love, Look At Me!
68%
Arctic Monkeys Do I Wanna Know?, R U Mine?, Why'd You Only Call Me When You're High?, I Wanna Be Yours, 505
66%
Backstreet Boys I Want It That Way
66%
Glass Animals Heat Waves
66%
Olivia Rodrigo vampire, traitor, drivers license, deja vu, good 4 u, happier, favorite crime
66%
OneRepublic I Ain't Worried, Counting Stars
66%
The Kid LAROI STAY
66%
Travis Scott SICKO MODE, BUTTERFLY EFFECT, goosebumps, HIGHEST IN THE ROOM
66%
Bee Gees Stayin' Alive
63%
Calvin Harris Feel So Close, Feels, How Deep Is Your love, Outside, Summer, One Kiss, Promises, Slide, This Is What You Came For, Blame
63%
Carly Rae Jepsen Call Me Maybe
63%
DJ Khaled Wild Thoughts, I'm the One
63%
Gorillaz Feel Good Inc.
63%
Guns N' Roses Welcome To The Jungle, Paradise City, Sweet Child O' Mine
63%
Justin Timberlake Mirrors, CAN'T STOP THE FEELING!
63%
Twenty One Pilots Stressed Out, Ride, Heathens
63%
Bastille Pompeii
61%
Daft Punk Get Lucky
61%
Juice WRLD Robbery, All Girls Are The Same, Lucid Dreams
61%
Lana Del Rey Summertime Sadness, Video Games, Young And Beautiful
61%
Luis Fonsi Despacito - Remix, Despacito
61%
Marshmello FRIENDS, Happier, Silence
61%
Panic! At The Disco High Hopes
61%
Sabrina Carpenter Nonsense, Espresso
61%
Selena Gomez Back To You, Lose You To Love Me, Wolves
61%
Wiz Khalifa See You Again
61%
Doja Cat Say So, Streets, Kiss Me More, Paint The Town Red, Woman, Need to Know
59%
Eagles Hotel California
59%
Future Mask Off, Life Is Good
59%
Lil Uzi Vert The Way Life Goes, XO Tour Llif3, 20 Min
59%
Linkin Park In The End, Numb
59%
Måneskin Beggin', I WANNA BE YOUR SLAVE
59%
Metallica Enter Sandman, Nothing Else Matters
59%
Pitbull Time of Our Lives, Timber, Give Me Everything
59%
SZA Kill Bill, Snooze, Good Days
59%
Tones And I Dance Monkey
59%
21 Savage Bank Account
56%
Ava Max Kings & Queens, Sweet but Psycho
56%
Chris Brown No Guidance, Under The Influence
56%
Clean Bandit Rather Be, Rockabye, Solo, Symphony
56%
Green Day American Idiot, Basket Case
56%
Khalid Young Dumb & Broke, Location, Better
56%
Lorde Royals
56%
Mark Ronson Uptown Funk, Nothing Breaks Like a Heart
56%
Passenger Let Her Go
56%
TOTO Africa
56%
Amy Whinehouse Back To Black
54%
BLACKPINK How You Like That
54%
Gotye Somebody That I Used To Know
54%
J. Cole Wet Dreamz, No Role Modelz, Work Out, MIDDLE CHILD
54%
Logic 1-800-273-8255
54%
Outkast Hey Ya!
54%
Radiohead Creep
54%
Snoop Dogg Young, Wild & Free
54%
Survivor Eye of the Tiger
54%
The Killers Mr. Brightside
54%
The Neighbourhood Softcore, Sweater Weather, Daddy Issues
54%
Whitney Houston I Wanna Dance with Somebody
54%
24kGoldn Mood
51%
Aerosmith Dream On, I Don't Want To Miss A Thing
51%
Fetty Wap Trap Queen
51%
Kate Bush Running Up That Hill, Dark Horse, Roar, Last Friday Night, Firework
51%
Keane Somewhere Only We Know
51%
Lukas Graham 7 Years
51%
P!nk Just Give Me a Reason
51%
Spice Girls Wannabe
51%
The Notorious B.I.G Big Poppa, Hypnotize
51%
The Police Every Breath You Take
51%
Tyler, The Creator See You Again, EARFQUAKE
51%
USHER Yeah!
51%
Wham! Last Christmas, Wake Me Up Before You Go-Go
51%
Childish Gambino Redbone
49%
Cyndi Lauper Girls Just Want to Have Fun
49%
DaBaby ROCKSTAR
49%
DJ Snake Middle, Let Me Love You, Taki Taki
49%
DNCE Cake By The Ocean
49%
Frank Ocean Pink + White, Thinkin Bout You, Lost
49%
French Montana Unforgettable
49%
John Legend All of Me
49%
Marvin Gaye Ain't No Mountain High Enough
49%
Metro Boomin Creepin'
49%
Mike Posner I Took A Pill In Ibiza
49%
Oasis Wonderwall
49%
Zach Bryan Something in the Orange
49%
ZAYN I Don't Wanna Live Forever, Dusk Till Dawn, PILLOWTALK
49%
A$AP Rocky Praise The Lord
46%
Alicia Keys If I Ain't Got You
46%
Benson Boone Beautiful Things
46%
Billy Joel Uptown Girl
46%
Creedence Clearwater Revival Have You Ever Seen The Rain, Fortunate Son
46%
Desiigner Panda
46%
Earth September
46%
Ellie Goulding Love Me Like You Do
46%
Foster The People Pumped Up Kicks
46%
Halsey Without Me
46%
James Arthur Say You Won't Let Go
46%
Lil Baby Drip Too Hard, Yes Indeed
46%
Lil Peep Falling Down, Star Shopping
46%
Pharell Williams Happy
46%
Red Hot Chilli Peppers Under the Bridge, Can't Stop, Scar Tissue, Otherside, Californication, Snow
46%
Roddy Ricch The Box
46%
Bryan Adams Summer Of '69
44%
Daddy Yankee Con Calma
44%
Demi Lovato Sorry Not Sorry
44%
KISS I Was made For Lovin' You
44%
Led Zeppelin Stairway to Heaven
44%
Lil Tecca Ransom
44%
Major Lazer Cold Water, Lean On, Light It Up
44%
Smash Mouth All Star
44%
The Cranberries Zombie
44%
The Goo Goo Dolls Iris
44%
Vance Joy Riptide
44%
5 Seconds of Summer Youngblood
41%
Black Sabbath Paranoid
41%
Eurythmics Sweet Dreams
41%
Fifth Harmony Work from Home
41%
Flo Rida Low, My House
41%
fun. We Are Young
41%
Jason Derulo Want to Want Me, Swalla
41%
Journey Don't Stop Believin'
41%
Kodak Black ZEZE
41%
Lil Wayne Sucker for Pain
41%
OMI Cheerleader
41%
R.E.M. Losing My Religion
41%
Tears For Fears Everybody Want To Rule The World
41%
The Lumineers Ophelia, Ho Hey
41%
The White Stripes Seven Nation Army
41%
Anne-Marie 2002
39%
Bebe Rexha Meant to Be
39%
blink-182 All The Small Things
39%
Bob Marley & The Wailers Three Little Birds, Could You Be Loved
39%
Fleetwood Mac Go Your Own Way, Dreams, The Chain
39%
Kings of Leon Sex on Fire
39%
Lil Mosey Blueberry Faygo
39%
NF Let You Down
39%
Offset Ric Flair Drip
39%
Plain White T's Hey There Delilah
39%
The Animals House Of The Rising Sun
39%
The Fray How to Save a Life
39%
Arizona Zervas ROXANNE
37%
Christina Perri a thousand years
37%
Fall Out Boy Centuries
37%
Foo Fighters Everlong
37%
G-Eazy Me, Myself & I
37%
Ice Cube It Was A Good Day
37%
J Balvin Mi Gente, LA CANCION
37%
Jessie J Bang Bang
37%
Joji SLOW DANCING IN THE DARK, Glimpse of Us
37%
JVKE golden hour
37%
Lizzo Truth Hurts
37%
MAGIC! Rude
37%
Milky Chance Stolen Dance
37%
Pop Smoke Dior, For The Night, What You Know Bout Love
37%
Tate McRae greedy, you broke me first
37%
The Clash Should I Stay or Should I Go
37%
TLC No Scrubs
37%
Tom Odell Another Love
37%
Train Hey, Soul Sister
37%
Alec Benjamin Let Me Down Slowly
34%
Alessia Cara Scars To Your Beautiful
34%
Ben E. King Stand By Me
34%
blackbear hot girl bummer
34%
Brenda Lee Rockin' Around The Christmas Tree
34%
Capital Cities Safe and Sound
34%
Conan Gray Heather
34%
Dire Straits Sultans Of Swing
34%
Djo End of Beginning
34%
GAYLE abcdefu
34%
Internet Money Lemonade
34%
Kygo Stole the Show, Firestone, It Ain't Me
34%
Liam Payne Strip That Down
34%
Nickelback How You Remind Me
34%
Taio Cruz Dynamite
34%
The Rolling Stones Paint It, Black
34%
d4vd Here With Me, Romantic Homicide
32%
Electric Light Orchestra Mr. Blue Sky
32%
Evanescence Bring Me To life
32%
George Ezra Budapest
32%
girl in red we fell in love in october
32%
Jonas Brothers Sucker
32%
Lynyrd Skynyrd Sweet Home Alabama
32%
Masked Wolf Astronaut In The Ocean
32%
Nelly Furtado Promiscuous
32%
Niall Horan This Town
32%
Noah Kahan Stick Season
32%
Sean Paul No Lie
32%
Swedish House Mafia Don't You Worry Child
32%
Tame Impala The Less I Know The Better
32%
The Script Hall of Fame
32%
WALK THE MOON Shut Up and Dance
32%
American Authors Best Day Of My Life
29%
David Kushner Daylight
29%
Dean Lewis Be Alright
29%
Disclosure Latch
29%
Duncan Laurence Arcade
29%
Empire Of The Sun Walking On A Dream
29%
Jack Ü Where Are U Now
29%
Martin Garrix In the Name of Love, Scared to Be Lonely
29%
Of Monsters and Men Little Talks
29%
Portugal. Feel It Still
29%
Rae Sremmurd Black Beatles
29%
Shaggy It Wasn't Me
29%
Sheck Wes Mo Bamba
29%
System Of A Down Chop Suey!, Toxicity
29%
U2 With Or Without You
29%
YNW Melly Murder on My Mind
29%
benny blanco Eastside
27%
BØRNS Electric Love
27%
Bryson Tiller Exchange, Don't
27%
Giveon Heartbreak Anniversary
27%
Gnarls Barkley Crazy
27%
Gym Class Heroes Stereo Hearts
27%
Jimmy Eat World The Middle
27%
Jung Kook Seven
27%
KAROL G TQG, PROVENZA, QLONA, Tusa
27%
Lord Huron The Night We met
27%
Michael Bublé It's Beginning to Look a Lot like Christmas
27%
Mitski My Love Mine All Mine
27%
Nico & Vinz Am I Wrong
27%
Papa Roach Last Resort
27%
Snow Patrol Chasing Cars
27%
The Verve Bitter Sweet Symphony
27%
Bill Withers Ain't No Sunshine
24%
Chris Stapleton Tennessee Whiskey
24%
Danny Ocean Me Rehuso
24%
Hoobastank The Reason
24%
Jason Mraz I'm Yours
24%
Kali Uchis telepatia
24%
Lauv I Like Me Better
24%
M83 Midnight City
24%
Meek Mill Going Bad
24%
Meghan Trainor Like I'm Gonna Lose You
24%
Miguel Sure Thing
24%
MKTO Classic
24%
My Chemical Romance Teenagers
24%
Natasha Bedingfield Unwritten
24%
Powfu deathbed
24%
Steve Lacy Dark Red, Bad Habit
24%
Teddy Swims Lose Control
24%
Tyga Taste
24%
Zedd The Middle, Stay
24%
Anuel AA China
22%
Axwell /\ Ingrosso More Than You Know
22%
Beach House Space Song
22%
Bing Crosby White Christmas
22%
Calum Scott You Are The Reason, Dancing On My Own
22%
Dominic Fike 3 Nights
22%
Florence + The Machine Dog Days Are Over
22%
Iyaz Replay
22%
Julia Michaels Issues
22%
KALEO Way down We Go
22%
LISA MONEY
22%
Nicky Jam X
22%
Noah Cyrus July
22%
Rema Calm Down
22%
The Offspring You're Gonna Go Far, Kid
22%
TV Girl Lovers Rock
22%
A Great Big World Say Something
20%
Becky G MAMIII
20%
Bizarrap Quavedo: Bzrp Music Sessions, Vol 52
20%
Daniel Caesar Best Part
20%
Farruko Pepas
20%
Gucci Mane Wake Up in the Sky
20%
Jonas Blue Perfect Strangers, Fast Car
20%
Mabel Don't Call Me Up
20%
Morgan Wallen Last Night
20%
Ozuna Hey Mor
20%
Ruth B. Dandelions
20%
Ty Dolla $ign Or Nah
20%
Bazzi Mine
17%
Cage The Elephant Cigarette Daydreams
17%
Cigarettes After Sex Apocalypse
17%
Dan + Shay 10,000 Hours
17%
FloyyMenor Gata Only
17%
gnash i hate u, i love u
17%
James Bay Let It Go
17%
Jimin Like Crazy
17%
Kodaline All I Want
17%
Manuel Turizo La Bachata
17%
Mario Let Me Love You
17%
Mr. Probz Waves
17%
Nicky Youre Sunroof
17%
Pedro Capó Calma - Remix
17%
ROSALIA DESPECHA
17%
Tiësto The Business
17%
Tove Lo Habits
17%
Elley Duhé MIDDLE OF THE NIGHT
15%
Hailee Steinfeld Let Me Go, Starving
15%
Hotel Ugly Shut up My Moms Calling
15%
Lost Frequencies Are You With Me, Where Are You Now
15%
Maluma Hawai
15%
Myke Towers LALA
15%
Rauw Alejandro Todo De Ti, Desesperados
15%
R. City Locked Away
15%
Robin Schulz Sugar
15%
SAINt JHN Roses - Imanbek Remix
15%
Stephen Sanchez Until I Found You, Until I Found You - Em Beihold Version
15%
The Outfield Your Love
15%
Van Morrison Brown Eyed Girl
15%
WILLOW Wait a Minute!
15%
Ali Gatie It's You
12%
Daryl Hall & John Oates You Make My Dreams
12%
Jawsh 685 Savage Love
12%
JP Saxe If the World Was Ending
12%
Lilly Wood and The Prick Prayer in C
12%
Loud Luxury Body
12%
MEDUZA Piece Of Your Heart
12%
Regard Ride it
12%
Rosa Linn SNAP
12%
Rudimental These Days
12%
The Temptations My Girl
12%
The Walters I Love You So
12%
Trevor Daniel Falling
12%
JHAYCO No Me Conoce
10%
Joel Corry Head & Heart
10%
Kungs This Girl
10%
Surf Curse Freaks
10%
Dynoro In My Mind
7%
Eslabon Armado Ella Baila Sola
7%
Feid Feliz Cumpleanos Ferxxo
7%
Jaymes Young Infinity
7%
Kina Get You The Moon
7%
Lucenzo Vem Dancar Kuduro
7%
Nio Garcia Te Boté - Remix
7%
Plan B Es un Secreto
7%
Riton Friday
5%
Topic Breaking Me
5%
Dennis Lloyd Nevermind
2%
Grupo Frontera un x100to
2%
Jay Wheeler La Curiosidad
2%
Yng Lvcas La Bebe - Remix
2%
Zaraz Larsson Lush Life
0%
No matching quizzes found
Score Distribution
Percent of People with Each Score
Percentile by Number Answered
Your Score History
You have not taken this quiz since the last reset